Dos cuentos Mazatecos (Record no. 9777)

MARC details
000 -CABECERA
campo de control de longitud fija 00796nam a2200241 a 4500
001 - NÚMERO DE CONTROL
campo de control BRL_965
005 - FECHA Y HORA DE LA ÚLTIMA TRANSACCIÓN
campo de control 20190320210955.0
008 - DATOS DE LONGITUD FIJA--INFORMACIÓN GENERAL
campo de control de longitud fija 291013s1956----mx-a######---#000-m#spa-#
041 ## - CÓDIGO DE LENGUA
Código de lengua del texto/banda sonora o título independiente spa
044 ## - CÓDIGO DEL PAÍS DE LA ENTIDAD EDITORA/PRODUCTORA
Código MARC del país mx
050 #4 - SIGNATURA TOPOGRÁFICA DE LA BIBLIOTECA DEL CONGRESO
Número de clasificación PM3991.Z77
Número de documento/Ítem .D67 1956
245 10 - MENCIÓN DE TÍTULO
Título Dos cuentos Mazatecos
Mención de responsabilidad, etc. versión castellana de Carlo Antonio Castro G. ; ilustrado por Carlos Jurado Delmar.
260 ## - PUBLICACIÓN, DISTRIBUCIÓN, ETC.
Lugar de publicación, distribución, etc. Ciudad de las Casas, Chiapas
Nombre del editor, distribuidor, etc. Ediciones ´Cuscatlania´
Fecha de publicación, distribución, etc. 1956
300 ## - DESCRIPCIÓN FÍSICA
Extensión [12] p.
Otras características físicas il.
Dimensiones 28 cm.
500 ## - NOTA GENERAL
Nota general Au2366
505 0# - NOTA DE CONTENIDO CON FORMATO
Nota de contenido con formato Contenido: Orto de Sol y Luna, Profeta del Sol.
650 14 - PUNTO DE ACCESO ADICIONAL DE MATERIA--TÉRMINO DE MATERIA
Término de materia o nombre geográfico como elemento de entrada Literatura mazateca
9 (RLIN) 25461
650 14 - PUNTO DE ACCESO ADICIONAL DE MATERIA--TÉRMINO DE MATERIA
Término de materia o nombre geográfico como elemento de entrada Cuentos mazatecos
Subdivisión general textos
9 (RLIN) 25462
700 1# - PUNTO DE ACCESO ADICIONAL--NOMBRE DE PERSONA
Nombre de persona Castro G., Carlo Antonio
Término indicativo de función/relación tr.
9 (RLIN) 25463
700 1# - PUNTO DE ACCESO ADICIONAL--NOMBRE DE PERSONA
Nombre de persona Jurado Delmar, Carlos
Término indicativo de función/relación il.
9 (RLIN) 25464
902 ## - CATALOGADOR
Iniciales GRL
942 ## - ELEMENTOS DE PUNTO DE ACCESO ADICIONAL (KOHA)
Fuente del sistema de clasificación o colocación Library of Congress Classification
Tipo de ítem Koha Libros
Holdings
Estado de retiro Estado de pérdida Estado dañado No para préstamo Localización permanente Ubicación/localización actual Fecha de adquisición Número de inventario Total de préstamos Signatura topográfica completa Código de barras Fecha visto por última vez Precio válido a partir de Tipo de ítem Koha
El ejemplar forma parte de la colección y puede ser consultado según las políticas vigentes.       Biblioteca Centro de Estudios Ruth D. Lechuga Biblioteca Centro de Estudios Ruth D. Lechuga 29/10/2013 Au2366   PM3991.Z77 .D67 1956 (Au2366) GRL01042 22/03/2019 22/03/2019 Libros